| 000 | 01474nam a2200325 i 4500 | ||
|---|---|---|---|
| 001 | 768714001 | ||
| 003 | CO-MdFUSB | ||
| 005 | 20220310100340.0 | ||
| 007 | ta | ||
| 008 | 220222t1994 -usa|||| |||| 00| 0 spa d | ||
| 020 | _a1560639466 | ||
| 040 |
_aCO-MdFUSB _bspa _cCO-MdFUSB _dCO-MdFUSBC _erda |
||
| 041 | _aspa | ||
| 082 |
_223 _a261.85 _bD19 |
||
| 100 |
_aDayton, Howard. _eautor |
||
| 245 | 1 |
_aSu dinero : _bla guía bíblica para devengar, ahorrar, gastar, invertir, dar. _c/ Howard Dayton |
|
| 264 | 1 |
_aMiami, Florida : _bUnilit, _c[1994] |
|
| 264 | 4 | _c© 1994 | |
| 300 |
_a186 páginas _c; 21 cm |
||
| 336 |
_2rdacontent _atexto _btxt |
||
| 337 |
_2rdamedia _asin mediación _bn |
||
| 338 |
_2rdacarrier _avolumen _bnc |
||
| 505 | _aEl problema. -- La respuesta. -- La parte de Dios: el fundamento. -- La parte nuestra: Bueno y fiel. -- Deuda: actúe de acuerdo a su sueldo. -- Salga de las deudas: su día "D" -- Consejo: Cordón de tres dobleces. -- Invertir: camino laborioso y uniforme. -- Compartir: lo que tenemos. -- Presupuesto: esté al corriente de los hechos. -- Ética: absolutamente. -- Riqueza: la vida real y la real vida. -- Dejar herencia: el ABC del dinero. -- Trabajo: en pos de la excelencia. -- Contento: un secreto que se aprende y no se gana. -- Preguntas y respuestas. -- Escrituras. | ||
| 563 | _aRústico | ||
| 650 | 0 |
_91199 _aCristianismo y economía |
|
| 653 | _aDinero | ||
| 653 | _aFinanzas | ||
| 942 | _cBK | ||
| 945 | _aJTF-925 | ||
| 999 |
_c67300 _d67300 |
||